Top 15 Military Reserves - Statistics

General Stats
  • This quiz has been taken 27 times
  • The average score is 10 of 15
Answer Stats
Reserves Answer % Correct
510 K China
100%
500 K South Korea
96%
1.15 M India
92%
600 K North Korea
88%
442 K USA
88%
1.34 M Brazil
85%
350 K Iran
73%
550 K Pakistan
73%
400 K Indonesia
69%
2.5 M Vietnam
69%
480 K Egypt
65%
465 K Israel
46%
845 K Colombia
38%
900 K Finland
35%
300 K Azerbaijan
0%
No matching quizzes found
Score Distribution
Percent of People with Each Score
Percentile by Number Answered
Your Score History
You have not taken this quiz